Normal view
MARC view
Entry Topical Term
001 - CONTROL NUMBER
- control field: 8868
003 - CONTROL NUMBER IDENTIFIER
- control field: BD-RjUL
005 - DATE AND TIME OF LATEST TRANSACTION
- control field: 20230910124132.0
008 - FIXED-LENGTH DATA ELEMENTS
- fixed length control field: 230910|| aca||aabn | a|a d
040 ## - CATALOGING SOURCE
- Original cataloging agency: BD-RjUL
- Transcribing agency: BD-RjUL
150 ## - HEADING--TOPICAL TERM
- Topical term or geographic name entry element: বাংলা (ভারত) ইতিহাস
670 ## - SOURCE DATA FOUND
- Source citation: Work cat.: (BD-RjUL)81881: ইসলাম, এ. টি. এম. রফিকুল 8867, সরকার ঘোড়াঘাট : , ২০২৩